| 000 | 00698nam a2200289Ia 4500 | ||
|---|---|---|---|
| 005 | 20260324120713.0 | ||
| 008 | 008 260324s9999 xx 000 0 eng d | ||
| 020 | _a9781315818801 | ||
| 037 | _aEBOOK | ||
| 040 | _aCRL | ||
| 040 | _beng | ||
| 040 | _cCRL | ||
| 041 | _2eng | ||
| 041 | _aeng | ||
| 084 | _qCRL | ||
| 100 |
_aJeremy Breaden; Stacey Steele; Carolyn Stevens _91159630 |
||
| 245 | 0 | _aInternationalising Japan | |
| 245 | 0 | _bDiscourse and Practice | |
| 260 | _bTaylor and Francis | ||
| 260 | _c2014 | ||
| 365 | _a | ||
| 365 | _b265 | ||
| 856 | _uhttp://www.taylorfrancis.com/books/9781315818801 | ||
| 942 | _cEBOOK | ||
| 999 |
_c1751300 _d1751300 |
||